000
00293nam a22001337a 4500
008
190305b xxu||||| |||| 00| 0 eng d
020
_a
9780674272262
041
_a
eng
080
_a
573
100
_a
11
101
_a
BIO
245
_a
The Evolutionary Synthesis
_c
Mayr, E
942
_2
udc
_c
BK
999
_c
54527
_d
54527